000
00272nam a2200109Ia 4500
008
230724s1999 xx und d
041
_a
eng
100
_a
PARKER S.A.
245
_a
PERSONAL LETTERS FOR ALL OCCASIONS WHAT SHALL I WRITE?
260
_c
1999
300
_a
100
999
_c
1172986
_d
1172986